书目信息 |
| 题名: |
一叶知秋
|
|
| 作者: | 杨伟名 著 | |
| 分册: | ||
| 出版信息: | 北京 社会科学文献出版社 2004 |
|
| 页数: | 211页 | |
| 开本: | 20cm | |
| 丛书名: | ||
| 单 册: | ||
| 中图分类: | F320.2 | |
| 科图分类: | ||
| 主题词: | 农村经济--经济体制改革--中国 | |
| 电子资源: | ||
| ISBN: | 7-80190-142-8 | |
| 000 | 00889nam0 2200229 45 | |
| 001 | 002586658 | |
| 005 | 20041221133848.5 | |
| 010 | @a7-80190-142-8@dCNY18.00 | |
| 100 | @a20040225d2004 em y0chiy0110 ea | |
| 101 | 0 | @achi |
| 102 | @aCN@b110000 | |
| 105 | @aa z 000yy | |
| 200 | 1 | @a一叶知秋@AYi Ye Zhi Qiu@e杨伟名文存@EYang Wei Ming Wen Cun@f杨伟名著@FYang Wei Ming Zhu |
| 210 | @a北京@c社会科学文献出版社@d2004 | |
| 215 | @a211页@c照片@d20cm | |
| 330 | @a该书汇集了已故民间思想家杨伟名先生生前的部分文稿、手稿,其中包括其代表作《当前形势怀感》以及《有关处理目前“物资供应困难”问题的建议》、《目前农村工作问题十谈》等共11篇。书后收集了相关的历史文档和部分回忆、研究文章。 | |
| 517 | @a杨伟名文存@AYang Wei Ming Wen Cun | |
| 606 | 0 | @a农村经济@x经济体制改革@y中国 |
| 690 | @aF320.2@v4 | |
| 701 | 0 | @a杨伟名@4著 |
| 801 | 0 | @aCN@bNLC@c20040325 |
| 905 | @b340423-427@dF320.2@e38@f5 | |
| 一叶知秋:杨伟名文存/杨伟名著.-北京:社会科学文献出版社,2004 |
| 211页:照片;20cm |
| ISBN 7-80190-142-8:CNY18.00 |
| 该书汇集了已故民间思想家杨伟名先生生前的部分文稿、手稿,其中包括其代表作《当前形势怀感》以及《有关处理目前“物资供应困难”问题的建议》、《目前农村工作问题十谈》等共11篇。书后收集了相关的历史文档和部分回忆、研究文章。 |
| ● |
| 相关链接 |
|
|
|
|
正题名:一叶知秋
索取号:F320.2/38
 
预约/预借
| 序号 | 登录号 | 条形码 | 馆藏地/架位号 | 状态 | 备注 |
| 1 | 0340423 | 203404235 | 第一样本阅览室/ [索取号:F320.2/38] | 在馆 | |
| 2 | 0340424 | 203404244 | 第一借阅区/ [索取号:F320.2/38] | 在馆 | |
| 3 | 0340425 | 203404253 | 第一借阅区/ [索取号:F320.2/38] | 在馆 | |
| 4 | 0340426 | 203404262 | 第一借阅区/ [索取号:F320.2/38] | 在馆 | |
| 5 | 0340427 | 203404271 | 第一借阅区/ [索取号:F320.2/38] | 在馆 |